| 000 | 00674cab a2200229 4500 | ||
|---|---|---|---|
| 001 | ABS60107 | ||
| 008 | 090401t1999 xxu||||| |||| 00| 0 eng d | ||
| 035 | _a(Sirsi) u99713 | ||
| 041 | _aeng | ||
| 100 | _aGeorge, D. | ||
| 245 | _aWhy we need new rules | ||
| 260 | _c1999 | ||
| 350 | _a0 | ||
| 490 |
_aBuilding _v264(8076) 26 February 1999, 31(1) |
||
| 520 | _aPuts the case for a re-examination of the Building Regulations, to bring them more up to date and more flexible. | ||
| 650 |
_aBUILDING REGULATIONS _96224 |
||
| 650 | _aMODERNISATION | ||
| 650 | _aEGAN REFORMS | ||
| 690 | _aBUILDING AND CONSTRUCTION-REGULATIONS | ||
| 942 | _n0 | ||
| 948 | _c03/03/1999 | ||
| 999 |
_c59951 _d59951 |
||